000 00310nam a22000977a 4500
999 _c526695
_d526695
082 _aSNT A39053 Ed95
100 _aTryonedwards, D.D.
_946255
245 _aThe world’s greatest quotations: An encyclopedia of equations
_bBy Tryonedwards, D.D.
260 _aNew Delhi
_bCrest Pub. House
_c2003
300 _a734p